000 00694nam a2200241Ia 4500
003 OSt
005 20221005130434.0
006 a|||||r|||| 00| 0
007 ta
008 221004b |||||||| |||| 00| 0 eng d
024 _a64764
037 _cTextual
040 _aCRL
_cCRL
_beng
041 _2eng
_aeng
082 _aV1N45t2:N72, L2
110 _aIndian National Commission for Cooperation with UNESCO.
_9638142
245 0 _aReport of the secretary-general for 1970-72.
260 _c1972
650 _aHISTORY
700 _aIndian National Commission for Cooperation with UNESCO.
_9638143
942 _hV1N45t2:N72, L2
_cTEXL
_2cc
999 _c1057208
_d1057208